书目信息 |
| 题名: |
中国老村:阳新民居
|
|
| 作者: | 王炎松 , 何滔 著 | |
| 分册: | ||
| 出版信息: | 武汉 湖北人民出版社 2008.01 |
|
| 页数: | 165页 | |
| 开本: | 21cm | |
| 丛书名: | ||
| 单 册: | ||
| 中图分类: | K928.79 | |
| 科图分类: | ||
| 主题词: | 民居--min ju--简介--阳新县 | |
| 电子资源: | ||
| ISBN: | 978-7-216-05279-5 | |
| 000 | 00809nam0 2200241 450 | |
| 001 | 012008817833 | |
| 005 | 20080618163735.31 | |
| 010 | @a978-7-216-05279-5@dCNY25.00 | |
| 100 | @a20080607d2008 em y0chiy0120 ea | |
| 101 | 0 | @achi |
| 102 | @aCN@b420000 | |
| 105 | @aa z 000yy | |
| 106 | @ar | |
| 200 | 1 | @a中国老村:阳新民居@Azhong guo lao cun:yang xin min ju@f王炎松, 何滔著@Fwang yan song,he tao zhu |
| 210 | @a武汉@c湖北人民出版社@d2008.01 | |
| 215 | @a165页@c图@d21cm | |
| 330 | @a本书是对阳新县民居的简介。内容分两层面。一是历史的探源,确定其移民建筑的定位;二是价值和讨论和特征的总结。 | |
| 606 | 0 | @a民居@Amin ju@x简介@y阳新县 |
| 690 | @aK928.79@v4 | |
| 701 | 0 | @a王炎松@Awang yan song@4著 |
| 701 | 0 | @a何滔@Ahe tao@4著 |
| 801 | 0 | @aCN@bQSSK@c20080618 |
| 905 | @b728219-21@dK928.79@eW416@f3 | |
| 中国老村:阳新民居/王炎松, 何滔著.-武汉:湖北人民出版社,2008.01 |
| 165页:图;21cm |
| ISBN 978-7-216-05279-5:CNY25.00 |
| 本书是对阳新县民居的简介。内容分两层面。一是历史的探源,确定其移民建筑的定位;二是价值和讨论和特征的总结。 |
| ● |
| 相关链接 |
|
|
|
正题名:中国老村:阳新民居
索取号:K928.79/W416
 
预约/预借
| 序号 | 登录号 | 条形码 | 馆藏地/架位号 | 状态 | 备注 |
| 1 | 728219 | 207282199 | 社科库309/309社科库 20排1列6层/ [索取号:K928.79/W416] | 在馆 | |
| 2 | 728220 | 207282206 | 社科库309/309社科库 20排1列6层/ [索取号:K928.79/W416] | 在馆 | |
| 3 | 728221 | 207282215 | 社科库309/309社科库 20排1列6层/ [索取号:K928.79/W416] | 在馆 |